Fast start in real estate : a survival guide for new agents

Bibliographic Details
Main Author: Breckenridge, Karl
Format: Book
Published: Chicago : Real Estate Education Company , 1989
Subjects:

MARC

LEADER 00000cam a2200000 7i4500
001 0000002939
005 20021122.0
020 |a 0884627780 
040 |a INS 
090 0 0 |a HD1375.   |b B78 1989 
100 1 |a Breckenridge, Karl 
245 1 0 |a Fast start in real estate :   |b a survival guide for new agents   |c Karl Breckenridge 
260 |a Chicago :   |b Real Estate Education Company ,   |c 1989 
300 |a xi, 130p. ;   |c 23 cm. 
500 |a Includes index 
650 0 0 |a House selling 
650 0 0 |a Real estate business 
650 0 0 |a Real property 
999 |a 0000004153   |b BOOK   |c Open Shelf   |e Default branch 
999 |a 0000022899   |b BOOK   |c Open Shelf   |e Default branch